| 000 | 00502ntaaa2200193 4500 | ||
|---|---|---|---|
| 003 | 01 | ||
| 005 | 20251027201535.0 | ||
| 008 | 0714s1973 ag 01 | ||
| 020 | _a8476452926 | ||
| 040 |
_aAR-BaBN _bspa _cAR-BaBN _eaacr _dRIC |
||
| 082 | _a227.8100 Ir6e | ||
| 100 |
_aIronside, H. A. _94615 |
||
| 245 | _aEstudios sobre I y II Tesalonicenses | ||
| 250 | _a1 ed. | ||
| 260 |
_aTerrassa : _bCLIE, _c1988 |
||
| 300 |
_a104 p. ; _c20 cm. |
||
| 650 | _aBiblia-Nuevo Testamento-Tesalonicenses | ||
| 942 | _cBK | ||
| 999 |
_c10024 _d10024 |
||